<?xml version="1.0" encoding="UTF-8"?>
<record
    xmlns:xsi="http://www.w3.org/2001/XMLSchema-instance"
    xsi:schemaLocation="http://www.loc.gov/MARC21/slim http://www.loc.gov/standards/marcxml/schema/MARC21slim.xsd"
    xmlns="http://www.loc.gov/MARC21/slim">

  <leader>01428nam a22002411a 4500</leader>
  <controlfield tag="001">80992</controlfield>
  <controlfield tag="003">BD-RjUL</controlfield>
  <controlfield tag="005">20221220101058.0</controlfield>
  <controlfield tag="008">221220m19011911ua            000 0 ara d</controlfield>
  <datafield tag="035" ind1=" " ind2=" ">
    <subfield code="a">(BD-RjUL)80992</subfield>
  </datafield>
  <datafield tag="040" ind1=" " ind2=" ">
    <subfield code="a">CGU</subfield>
    <subfield code="c">CGU</subfield>
    <subfield code="d">UkOxU</subfield>
    <subfield code="b">eng</subfield>
  </datafield>
  <datafield tag="041" ind1=" " ind2=" ">
    <subfield code="a">ara</subfield>
  </datafield>
  <datafield tag="082" ind1=" " ind2=" ">
    <subfield code="2">23</subfield>
    <subfield code="a">297.125</subfield>
    <subfield code="b">IBF 1911</subfield>
  </datafield>
  <datafield tag="100" ind1="1" ind2=" ">
    <subfield code="a">&#x627;&#x628;&#x646; &#x62D;&#x62C;&#x631; &#x627;&#x644;&#x639;&#x633;&#x642;&#x644;&#x627;&#x646;&#x64A; &#x60C; &#x623;&#x62D;&#x645;&#x62F; &#x628;&#x646; &#x639;&#x644;&#x64A;.     Ibn &#x1E24;ajar al-&#x2BF;Asqal&#x101;n&#x12B;, A&#x1E25;mad ibn &#x2BF;Al&#x12B;,</subfield>
    <subfield code="d">1372-1449.</subfield>
    <subfield code="9">6365</subfield>
  </datafield>
  <datafield tag="245" ind1="1" ind2="0">
    <subfield code="a">&#x641;&#x62A;&#x62D; &#x627;&#x644;&#x628;&#x627;&#x631;&#x64A; &#x628;&#x634;&#x631;&#x62D; &#x635;&#x62D;&#x64A;&#x62D; &#x627;&#x644;&#x625;&#x645;&#x627;&#x645; &#x623;&#x628;&#x64A; &#x639;&#x628;&#x62F; &#x627;&#x644;&#x644;&#x647; &#x645;&#x62D;&#x645;&#x62F; &#x628;&#x646; &#x625;&#x633;&#x645;&#x639;&#x64A;&#x644; &#x627;&#x644;&#x628;&#x62E;&#x627;&#x631;&#x64A; /    Fat&#x1E25; al-b&#x101;r&#x12B; bi-shar&#x1E25; &#x1E62;a&#x1E25;&#x12B;&#x1E25; al-Im&#x101;m Ab&#x12B; &#x2BF;Abd All&#x101;h Mu&#x1E25;ammad ibn Ism&#x2BF;&#x304;&#x12B;l al-Bukh&#x101;r&#x12B; /</subfield>
    <subfield code="c">&#x644;&#x623;&#x628;&#x64A; &#x627;&#x644;&#x641;&#x636;&#x644; &#x634;&#x647;&#x627;&#x628; &#x627;&#x644;&#x62F;&#x64A;&#x646; &#x623;&#x62D;&#x645;&#x62F; &#x628;&#x646; &#x639;&#x644;&#x64A; &#x628;&#x646; &#x645;&#x62D;&#x645;&#x62F; &#x628;&#x646; &#x645;&#x62D;&#x645;&#x62F; &#x628;&#x646; &#x62D;&#x62C;&#x631; &#x627;&#x644;&#x639;&#x633;&#x642;&#x644;&#x627;&#x646;&#x64A; &#x627;&#x644;&#x634;&#x627;&#x641;&#x639;&#x64A;.        li-Ab&#x12B; al-Fa&#x1E0D;l Shih&#x101;b al-D&#x12B;n A&#x1E25;mad ibn &#x2BF;Al&#x12B; ibn Mu&#x1E25;ammad ibn Mu&#x1E25;ammad ibn &#x1E24;ajar al-&#x2BF;Asqal&#x101;n&#x12B; al-Sh&#x101;fi&#x2BF;&#x12B;.</subfield>
  </datafield>
  <datafield tag="246" ind1="3" ind2="0">
    <subfield code="a">&#x641;&#x62A;&#x62D; &#x627;&#x644;&#x628;&#x627;&#x631;&#x64A; &#x628;&#x634;&#x631;&#x62D; &#x635;&#x62D;&#x64A;&#x62D; &#x627;&#x644;&#x628;&#x62E;&#x627;&#x631;&#x64A;    Fat&#x1E25; al-b&#x101;r&#x12B; bi-shar&#x1E25; &#x1E62;a&#x1E25;&#x12B;&#x1E25; al-Bukh&#x101;r&#x12B;</subfield>
  </datafield>
  <datafield tag="260" ind1=" " ind2=" ">
    <subfield code="a">Mi&#x1E63;r :</subfield>
    <subfield code="b">al-Ma&#x1E6D;ba&#x2BF;ah al-Khayr&#x12B;yah,</subfield>
    <subfield code="c">1319-1329 [1901-1911]</subfield>
  </datafield>
  <datafield tag="300" ind1=" " ind2=" ">
    <subfield code="a">13 v. ;</subfield>
    <subfield code="c">29 cm.</subfield>
  </datafield>
  <datafield tag="505" ind1=" " ind2=" ">
    <subfield code="a">Vol. 5.--</subfield>
  </datafield>
  <datafield tag="600" ind1="1" ind2="0">
    <subfield code="a">Bukh&#x101;r&#x12B;, Mu&#x1E25;ammad ibn Ism&#x101;&#x2BF;&#x12B;l,</subfield>
    <subfield code="d">810-870.</subfield>
    <subfield code="t">J&#x101;mi&#x2BF; al-&#x1E63;a&#x1E25;&#x12B;&#x1E25;.</subfield>
    <subfield code="9">369</subfield>
  </datafield>
  <datafield tag="650" ind1=" " ind2="0">
    <subfield code="a">Hadith</subfield>
    <subfield code="x">Criticism, interpretation, etc.</subfield>
    <subfield code="v">Early works to 1800.</subfield>
    <subfield code="9">5782</subfield>
  </datafield>
  <datafield tag="942" ind1=" " ind2=" ">
    <subfield code="2">ddc</subfield>
    <subfield code="c">BK</subfield>
  </datafield>
  <datafield tag="999" ind1=" " ind2=" ">
    <subfield code="c">80992</subfield>
    <subfield code="d">80992</subfield>
  </datafield>
  <datafield tag="952" ind1=" " ind2=" ">
    <subfield code="0">0</subfield>
    <subfield code="1">0</subfield>
    <subfield code="2">ddc</subfield>
    <subfield code="4">0</subfield>
    <subfield code="7">1</subfield>
    <subfield code="8">NFIC</subfield>
    <subfield code="a">RUCL</subfield>
    <subfield code="b">RUCL</subfield>
    <subfield code="c">Reading</subfield>
    <subfield code="d">2022-12-20</subfield>
    <subfield code="e">Mawlana muhm Hosin, Basudeve pur , rajshahi</subfield>
    <subfield code="l">0</subfield>
    <subfield code="o">A 297.125 IBF V-5 1911</subfield>
    <subfield code="r">2022-12-20 00:00:00</subfield>
    <subfield code="t">C-1</subfield>
    <subfield code="w">2022-12-20</subfield>
    <subfield code="y">BK</subfield>
  </datafield>
</record>
